000 00926nam a2200229 a 4500
001 48993
003 BD-RjUL
005 20211209054623.0
008 160817b ii ||||| |||| 00| 0 ben d
035 _a(BD-RjUL)49112
040 _aBD-RjUL
_bben
_cBD-RjUL
041 _aben
082 _223
_a370.15
_bSES
100 _aসেনগুপ্ত, রমনীরঞ্জন
_9147491
245 1 0 _aশিক্ষা :
_bশিক্ষা বিজ্ঞান ও শিক্ষাদান প্রনালী /
_cরমনীরঞ্জন সেনগুপ্ত
250 _a৪র্থ সং.
260 _aকলিকাতা :
_bপ্রেসিডেন্দি লাইব্রেরী,
_c[?]
300 _a৫৬৮ পৃ. ;
_c২৩ সেমি.
650 _aশিক্ষাগত সমাজবিজ্ঞান
_9147492
650 _aEducational sociology
_9147493
942 _2ddc
_cBK
999 _c48993
_d48993